Statistics for Airlines That Serve Victoria (YYJ)

Click here to take the quiz!

General Stats

  • This quiz has been taken 9 times
  • The average score is 5 of 9

Answer Stats

CountryAnswer% Correct
CanadaAir Canada
100%
CanadaWestjet
100%
CanadaAir Canada Express
50%
CanadaAir North
50%
USAAlaska Airlines
50%
CanadaSwoop
50%
CanadaFlair Airlines
33%
CanadaWestjet Encore
33%
CanadaPacific Coastal Airlines
0%

Score Distribution

Percentile by Number Answered

Percent of People with Each Score

Your Score History

You have not taken this quiz